<?xml version="1.0" encoding="UTF-8"?>
<record
    xmlns:xsi="http://www.w3.org/2001/XMLSchema-instance"
    xsi:schemaLocation="http://www.loc.gov/MARC21/slim http://www.loc.gov/standards/marcxml/schema/MARC21slim.xsd"
    xmlns="http://www.loc.gov/MARC21/slim">

  <leader>02856nam a2200277Ia 4500</leader>
  <controlfield tag="003">OSt</controlfield>
  <controlfield tag="005">20210831154713.0</controlfield>
  <controlfield tag="008">210310m19781982sp     fr     001 0 spa d</controlfield>
  <datafield tag="020" ind1=" " ind2=" ">
    <subfield code="a">8420689963</subfield>
    <subfield code="q">Obra completa</subfield>
  </datafield>
  <datafield tag="020" ind1=" " ind2=" ">
    <subfield code="a">8420680087</subfield>
    <subfield code="q">Tomo I</subfield>
  </datafield>
  <datafield tag="020" ind1=" " ind2=" ">
    <subfield code="a">8420680400</subfield>
    <subfield code="q">Tomo II</subfield>
  </datafield>
  <datafield tag="040" ind1=" " ind2=" ">
    <subfield code="a">CO-JMCR</subfield>
    <subfield code="c">CO-JMCR</subfield>
  </datafield>
  <datafield tag="041" ind1="0" ind2=" ">
    <subfield code="a">spa</subfield>
  </datafield>
  <datafield tag="082" ind1="0" ind2="4">
    <subfield code="a">340.1 /</subfield>
    <subfield code="b">T874h</subfield>
    <subfield code="2">23</subfield>
  </datafield>
  <datafield tag="100" ind1="1" ind2=" ">
    <subfield code="a">Truyol y Serra, Antonio, </subfield>
    <subfield code="9">17304</subfield>
    <subfield code="e">autor</subfield>
  </datafield>
  <datafield tag="245" ind1="1" ind2="0">
    <subfield code="a">Historia de la filosof&#xED;a del derecho y del estado / </subfield>
    <subfield code="c">Antonio Truyol y Serra</subfield>
  </datafield>
  <datafield tag="260" ind1=" " ind2=" ">
    <subfield code="a">Madrid : </subfield>
    <subfield code="b">Alianza Editorial, </subfield>
    <subfield code="c">1978-1982</subfield>
  </datafield>
  <datafield tag="300" ind1=" " ind2=" ">
    <subfield code="a">2 vol&#xFA;menes ; </subfield>
    <subfield code="c">23 cm.</subfield>
  </datafield>
  <datafield tag="490" ind1="0" ind2=" ">
    <subfield code="a">Alianza Universidad. Textos</subfield>
  </datafield>
  <datafield tag="500" ind1=" " ind2=" ">
    <subfield code="a">Incluye &#xED;ndice de nombres.</subfield>
  </datafield>
  <datafield tag="505" ind1="0" ind2=" ">
    <subfield code="g">V.1.</subfield>
    <subfield code="t">De los or&#xED;genes a la baja Edad Media </subfield>
    <subfield code="g">V.2.</subfield>
    <subfield code="t">Del Renacimiento a Kant</subfield>
  </datafield>
  <datafield tag="520" ind1="3" ind2=" ">
    <subfield code="a">Esta HISTORIA DE LA FILOSOFIA DEL DERECHO Y DEL ESTADO toma en cuenta para su estudio no s&#xF3;lo los desarrollos te&#xF3;ricos espec&#xED;ficos dentro de su campo tem&#xE1;tico sino tambi&#xE9;n el &#xE1;mbito cultural en que aquellos se inscriben. El criterio seguido por ANTONIO TRUYOL Y SERRA ha sido hacer compatible la informaci&#xF3;n exhaustiva y erudita con un enfoque interpretativo global, que a atiende preferentemente a las conexiones l&#xF3;gicas dentro de los sistemas y de &#xE9;stos entre s&#xED;. Este volumen se ocupa del dilatado espacio hist&#xF3;rico que se extiende desde las manifestaciones iniciales de las culturas escritas hasta la baja Edad Media. Nota peculiar de la obra es que su horizonte rebasa las fronteras de la filosof&#xED;a occidental; as&#xED;, la secci&#xF3;n primera estudia las grandes civilizaciones, tanto del Oriente Pr&#xF3;ximo (Egipto, Babilonia, Asiria, Ir&#xE1;n e Israel) como del Extremo Oriente (China y la India), y un capitulo de la tercera parte est&#xE1; dedicado al Islam y Bizancio. El examen de la antig&#xFC;edad greco-romana se divide en dos grandes apartados: el per&#xED;odo hel&#xE9;nico (las especulaciones cosmol&#xF3;gicas, los sofistas, S&#xF3;crates, Dem&#xF3;crito, Plat&#xF3;n y Arist&#xF3;teles) y el periodo helen&#xED;stico y romano (Epicuro, el primer estoicismo, el escepticismo, Cicer&#xF3;n y los juristas, S&#xE9;neca y el neoplatonismo). El cristianismo primitivo y la patr&#xED;stica (Nuevo Testamento, San Pablo, los Padres de la Iglesia, San Agust&#xED;n, San Isidoro) y la escol&#xE1;stica medieval (desde la teor&#xED;a de la comunidad cristiana en la alta Edad Media hasta la crisis general de siglos XIV y xv pasando por Santo Tom&#xE1;s, San Buenaventura, Duns Escoto, Rogerio Bacon, Raimundo Lulio y Guillermo de Occam) son objeto de un minucioso y esclarecedor estudio. El volumen segundo de la obra-publicado originalmente en la Biblioteca de Revista de Occidente y que tambi&#xE9;n ser&#xE1; incluido en la presente colecci&#xF3;n cubre el per&#xED;odo que se extiende desde el Renacimiento hasta Kant.</subfield>
  </datafield>
  <datafield tag="650" ind1="1" ind2="4">
    <subfield code="a">Filosof&#xED;a del derecho</subfield>
    <subfield code="9">17306</subfield>
    <subfield code="x">Historia</subfield>
  </datafield>
  <datafield tag="650" ind1="2" ind2="4">
    <subfield code="a">Estado</subfield>
    <subfield code="9">39835</subfield>
  </datafield>
  <datafield tag="942" ind1=" " ind2=" ">
    <subfield code="2">ddc</subfield>
    <subfield code="c">BK</subfield>
  </datafield>
  <datafield tag="999" ind1=" " ind2=" ">
    <subfield code="c">8449</subfield>
    <subfield code="d">8449</subfield>
  </datafield>
  <datafield tag="952" ind1=" " ind2=" ">
    <subfield code="0">0</subfield>
    <subfield code="1">0</subfield>
    <subfield code="2">ddc</subfield>
    <subfield code="4">0</subfield>
    <subfield code="7">0</subfield>
    <subfield code="8">NFIC</subfield>
    <subfield code="a">CPL</subfield>
    <subfield code="b">CPL</subfield>
    <subfield code="d">2018-04-15</subfield>
    <subfield code="e">Donaci&#xF3;n</subfield>
    <subfield code="o">340.1 / T874h</subfield>
    <subfield code="p">430006414</subfield>
    <subfield code="r">2024-05-16 00:00:00</subfield>
    <subfield code="t">V.1 / Ej.1</subfield>
    <subfield code="y">BK</subfield>
  </datafield>
  <datafield tag="952" ind1=" " ind2=" ">
    <subfield code="0">0</subfield>
    <subfield code="1">0</subfield>
    <subfield code="2">ddc</subfield>
    <subfield code="4">0</subfield>
    <subfield code="7">0</subfield>
    <subfield code="8">NFIC</subfield>
    <subfield code="a">CPL</subfield>
    <subfield code="b">CPL</subfield>
    <subfield code="d">2018-04-15</subfield>
    <subfield code="e">Donaci&#xF3;n</subfield>
    <subfield code="l">0</subfield>
    <subfield code="o">340.1 / T874h</subfield>
    <subfield code="p">430006415</subfield>
    <subfield code="r">2024-05-16 00:00:00</subfield>
    <subfield code="t">V.2 / Ej.1</subfield>
    <subfield code="w">2021-08-31</subfield>
    <subfield code="y">BK</subfield>
  </datafield>
</record>
